European countries by a historical region - Statistics

General Stats
  • This quiz has been taken 82 times
  • The average score is 15 of 20
Answer Stats
Historical region Country % Correct
Castile Spain
100%
Macedonia Albania / Bulgaria / Greece / Kosovo / Serbia
97%
Normandy France
97%
Bohemia Czech Republic
95%
Dalmatia Bosnia and Herzegovina / Croatia / Montenegro
94%
Tyrol Austria / Italy
92%
Silesia Czech Republic / Germany / Poland
91%
Thrace Bulgaria / Greece
88%
Karelia Finland / Russia
84%
Hålogaland Norway
84%
Sápmi Finland / Norway / Russia / Sweden
83%
Brabant Belgium / Netherlands
73%
Livonia Estonia / Latvia
69%
Galicia Poland / Ukraine
69%
Dobruja Bulgaria / Romania
68%
Mercia United Kingdom
68%
Styria Austria
60%
Dzūkija Belarus / Lithuania / Poland
44%
Podolia Moldova / Ukraine
44%
Severia Belarus / Ukraine / Russia
34%
No matching quizzes found
Score Distribution
Percent of People with Each Score
Percentile by Number Answered
Your Score History
You have not taken this quiz